| 000 | 00461nam a2200181Ia 4500 | ||
|---|---|---|---|
| 008 | 210423s2008 xx 000 0 und d | ||
| 020 | _a9788174466488 | ||
| 041 | _aeng | ||
| 082 | _a337 KUMR | ||
| 100 | _aKUMAR (Raj) | ||
| 245 | _aInternational economics | ||
| 260 |
_aNew Delhi _bExcel Books _c2008 |
||
| 300 |
_axxiii,551 _bPB |
||
| 365 |
_b345 _cINR |
||
| 650 | _aEconomics | ||
| 650 | _aInternational Economics | ||
| 906 | _aeconomics ; International | ||
| 999 |
_c157626 _d157626 |
||